[Event "Sherbrooke op-C"]
[Site "Sherbrooke CAN"]
[Date "2004.05.30"]
[Round "4"]
[White "Lafleur, Sebastien"]
[Black "Beauchesne, Jonathan"]
[Result "0-1"]
[WhiteElo "1158"]
[BlackElo "1083"]
[PlyCount "144"]
[GameId "2160767911225828"]
[EventDate "2004.??.??"]
[EventType "swiss"]
[EventRounds "5"]
[EventCountry "CAN"]
[SourceTitle "EXT 2006"]
[Source "ChessBase"]
[SourceDate "2005.11.24"]
[SourceVersion "1"]
[SourceVersionDate "2005.11.24"]
[SourceQuality "1"]

1. e4 c5 2. Bc4 Nc6 3. c3 d6 4. d4 cxd4 5. cxd4 b5 6. Bxb5 Qa5+ 7. Nc3 Bd7 8. Bxc6 Bxc6 9. Bd2 Qd8 10. Nf3 e6 11. O-O Nf6 12. e5 dxe5 13. dxe5 Nd7 14. Rc1 Be7 15. Re1 O-O 16. Nd4 Bb7 17. Ncb5 Bc5 18. Qg4 Kh8 19. Bg5 Qb6 20. Rcd1 Bd5 21. a3 Bxd4 22. Nxd4 Qxb2 23. Be7 Rfb8 24. Qh5 Qb7 25. f3 Nxe5 26. Bd6 Nxf3+ 27. Nxf3 Qb6+ 28. Kh1 Qxd6 29. Ne5 g6 30. Nxf7+ Kg7 31. Nxd6 gxh5 32. h4 Rb2 33. Nf5+ Kf6 34. Ne3 Bb7 35. Rf1+ Ke7 36. Rb1 Rxb1 37. Rxb1 Be4 38. Rb5 Rg8 39. Kh2 Rc8 40. Rxh5 Rc3 41. Ng4 Rxa3 42. Re5 Bf5 43. Ne3 Kf6 44. Nc4 Ra4 45. Rc5 e5 46. Nxe5 Rxh4+ 47. Kg3 Rb4 48. Nf3 Rg4+ 49. Kf2 Rg8 50. Nd4 Be4 51. g3 Ra8 52. Ke3 Bb1 53. g4 a5 54. Kf4 a4 55. Rc6+ Ke7 56. Nf5+ Bxf5 57. gxf5 a3 58. f6+ Kd7 59. Rc1 a2 60. Ra1 Ra5 61. Ke3 Ke6 62. Kd2 Kxf6 63. Kc2 h5 64. Kb2 h4 65. Rf1+ Kg5 66. Ka1 h3 67. Rf2 Ra4 68. Rh2 Kh4 69. Rd2 Ra3 70. Rh2 Kg3 71. Rd2 h2 72. Rxh2 Kxh2 0-1

[Event "Sherbrooke op-C"]
[Site "Sherbrooke CAN"]
[Date "2004.05.30"]
[Round "4"]
[White "Laplante, Guy"]
[Black "Belanger, Gervais"]
[Result "1-0"]
[WhiteElo "1187"]
[BlackElo "1068"]
[PlyCount "43"]
[GameId "2160767911225829"]
[EventDate "2004.??.??"]
[EventType "swiss"]
[EventRounds "5"]
[EventCountry "CAN"]
[SourceTitle "EXT 2006"]
[Source "ChessBase"]
[SourceDate "2005.11.24"]
[SourceVersion "1"]
[SourceVersionDate "2005.11.24"]
[SourceQuality "1"]

1. c4 Nf6 2. g3 e6 3. Bg2 c5 4. Nc3 Nc6 5. Nf3 Be7 6. d3 d6 7. Bd2 Bd7 8. O-O a6 9. a3 O-O 10. e4 Qc7 11. Re1 b5 12. cxb5 axb5 13. Nxb5 Qb6 14. Nxd6 e5 15. Nc4 Qb7 16. Ncxe5 Nxe5 17. Nxe5 Qxb2 18. Nc4 Qd4 19. e5 Ng4 20. Be3 Nxe3 21. fxe3 Ba4 22. Qd2 1-0

[Event "Sherbrooke op-C"]
[Site "Sherbrooke CAN"]
[Date "2004.05.30"]
[Round "4"]
[White "Lavoie, Raymond"]
[Black "Jolin, Fernand"]
[Result "1-0"]
[WhiteElo "1129"]
[BlackElo "1337"]
[PlyCount "41"]
[GameId "2160767911225830"]
[EventDate "2004.??.??"]
[EventType "swiss"]
[EventRounds "5"]
[EventCountry "CAN"]
[SourceTitle "EXT 2006"]
[Source "ChessBase"]
[SourceDate "2005.11.24"]
[SourceVersion "1"]
[SourceVersionDate "2005.11.24"]
[SourceQuality "1"]

1. e4 e5 2. Nf3 d6 3. d4 exd4 4. Nxd4 Nf6 5. Nc3 Bg4 6. Be2 Bd7 7. b3 c5 8. Ndb5 Bc6 9. Bf3 a6 10. Na3 b5 11. Nab1 b4 12. Nd5 Nxd5 13. exd5 Qe7+ 14. Be3 Bb5 15. a4 bxa3 16. Nxa3 Bd7 17. O-O g6 18. Re1 Kd8 19. Bxc5 Qg5 20. Be3 Bg7 21. Bxg5+ 1-0

[Event "Sherbrooke op-C"]
[Site "Sherbrooke CAN"]
[Date "2004.05.30"]
[Round "4"]
[White "Marcouiller, David"]
[Black "Mercier, Jonathan"]
[Result "0-1"]
[WhiteElo "1185"]
[BlackElo "1108"]
[PlyCount "76"]
[GameId "2160767911225831"]
[EventDate "2004.??.??"]
[EventType "swiss"]
[EventRounds "5"]
[EventCountry "CAN"]
[SourceTitle "EXT 2006"]
[Source "ChessBase"]
[SourceDate "2005.11.24"]
[SourceVersion "1"]
[SourceVersionDate "2005.11.24"]
[SourceQuality "1"]

1. d4 d5 2. c4 c6 3. e3 Nf6 4. Nc3 e6 5. Bd3 Bb4 6. Nge2 O-O 7. Bd2 b6 8. e4 Bxc3 9. Nxc3 dxc4 10. Bxc4 Qxd4 11. Qe2 e5 12. O-O-O Qd6 13. Bg5 Qe7 14. Rd2 Nbd7 15. Rhd1 h6 16. Bh4 b5 17. Bb3 a5 18. Rd6 Ra6 19. Nd5 cxd5 20. Rxa6 Bxa6 21. exd5 Qc5+ 22. Kb1 a4 23. Rc1 Qd4 24. Bxf6 Nxf6 25. Bc2 Qxd5 26. Bxa4 bxa4 27. Qxa6 Qe4+ 28. Ka1 Qxg2 29. Qe2 e4 30. Rf1 Re8 31. Qc4 Qxh2 32. Qxa4 Qg2 33. Qb5 h5 34. a4 Qf3 35. a5 Qf4 36. a6 Rb8 37. Qc6 Qd2 38. Rb1 Qa5+ 0-1

[Event "Sherbrooke op-C"]
[Site "Sherbrooke CAN"]
[Date "2004.05.30"]
[Round "4"]
[White "Pronce, Christian"]
[Black "Brousseau, Stephane"]
[Result "0-1"]
[WhiteElo "1190"]
[BlackElo "1399"]
[PlyCount "60"]
[GameId "2160767911225833"]
[EventDate "2004.??.??"]
[EventType "swiss"]
[EventRounds "5"]
[EventCountry "CAN"]
[SourceTitle "EXT 2006"]
[Source "ChessBase"]
[SourceDate "2005.11.24"]
[SourceVersion "1"]
[SourceVersionDate "2005.11.24"]
[SourceQuality "1"]

1. e4 c5 2. Nc3 d6 3. Nf3 Nf6 4. Bc4 e6 5. Qe2 Nc6 6. a3 a6 7. Ba2 b5 8. b3 Bb7 9. d3 Be7 10. Bb2 O-O 11. O-O Qc7 12. h3 Nd7 13. Nd2 Bf6 14. f4 Nd4 15. Qg4 Nxc2 16. Rf3 b4 17. Nd5 exd5 18. Bxf6 Nxf6 19. Qg5 Nxa1 20. Rg3 Ne8 21. exd5 Qd8 22. Qh6 Qf6 23. Qh5 Qd4+ 24. Kh2 Qxf4 25. Bb1 g6 26. Qd1 Bxd5 27. Qe1 Nf6 28. Kh1 Rae8 29. Ne4 Nxe4 30. dxe4 Bxe4 0-1

[Event "Sherbrooke op-C"]
[Site "Sherbrooke CAN"]
[Date "2004.05.30"]
[Round "4"]
[White "Rodovic, Miladin"]
[Black "Breton, Jules"]
[Result "1-0"]
[WhiteElo "1358"]
[BlackElo "1460"]
[PlyCount "139"]
[GameId "2160767911225834"]
[EventDate "2004.??.??"]
[EventType "swiss"]
[EventRounds "5"]
[EventCountry "CAN"]
[SourceTitle "EXT 2006"]
[Source "ChessBase"]
[SourceDate "2005.11.24"]
[SourceVersion "1"]
[SourceVersionDate "2005.11.24"]
[SourceQuality "1"]

1. c4 e5 2. e4 b6 3. d4 exd4 4. Qxd4 Nc6 5. Qd1 Bb7 6. Bd3 Qe7 7. Ne2 h6 8. O-O O-O-O 9. a4 Nb4 10. Nbc3 Nxd3 11. Qxd3 c6 12. a5 g5 13. axb6 axb6 14. Be3 Qd6 15. Qxd6 Bxd6 16. Bxb6 Bc7 17. Na4 d6 18. b4 Rh7 19. c5 f6 20. Nd4 Re8 21. Rfe1 h5 22. Nf5 dxc5 23. Bxc5 h4 24. Nb6+ Kb8 25. Nd6 Bxd6 26. Bxd6+ Rc7 27. Bxc7+ Kxc7 28. Nc4 g4 29. e5 fxe5 30. Rxe5 Rf8 31. g3 h3 32. Rg5 Nh6 33. Ne5 Bc8 34. Rc1 Rf6 35. b5 Bb7 36. bxc6 Bc8 37. Rg6 Rxg6 38. Nxg6 Nf7 39. Kf1 Ng5 40. Nh4 Nf7 41. Ke2 Ne5 42. f3 gxf3+ 43. Nxf3 Bg4 44. Rc3 Nxc6 45. Rxc6+ Kxc6 46. Ke3 Kd5 47. Kf4 Bc8 48. g4 Ba6 49. Kg3 Bf1 50. Ng1 Ke5 51. Nxh3 Kf6 52. Nf4 Bc4 53. h4 Bb3 54. g5+ Kf5 55. g6 Kf6 56. Kf3 Bd1+ 57. Ke3 Bc2 58. h5 Bd1 59. Ne2 Bc2 60. Nf4 Bd1 61. h6 Bb3 62. Kd4 Ba2 63. h7 Kg7 64. Nh5+ Kh8 65. Ke5 Bb3 66. Kf6 Ba2 67. Ng3 Bb3 68. Kg5 Kg7 69. Nf5+ Kh8 70. Kh6 1-0

[Event "Sherbrooke op-C"]
[Site "Sherbrooke CAN"]
[Date "2004.05.30"]
[Round "4"]
[White "Roy, Alexandre"]
[Black "Dubois, Lise"]
[Result "1-0"]
[WhiteElo "1091"]
[BlackElo "1130"]
[PlyCount "113"]
[GameId "2160767911225835"]
[EventDate "2004.??.??"]
[EventType "swiss"]
[EventRounds "5"]
[EventCountry "CAN"]
[SourceTitle "EXT 2006"]
[Source "ChessBase"]
[SourceDate "2005.11.24"]
[SourceVersion "1"]
[SourceVersionDate "2005.11.24"]
[SourceQuality "1"]

1. b3 d5 2. Bb2 Bf5 3. Nf3 Nf6 4. e3 a6 5. Be2 Nc6 6. O-O h6 7. Nc3 e6 8. d3 Bc5 9. Nh4 Bh7 10. Re1 Ne7 11. Bg4 Qd6 12. g3 O-O-O 13. e4 Nxg4 14. Qxg4 Kb8 15. Qxg7 Rhg8 16. e5 Qb6 17. Qf6 Nc6 18. Na4 Qa7 19. Nxc5 Qxc5 20. Re2 Nd4 21. Bxd4 Qxd4 22. Rae1 Rdf8 23. Qxh6 Bg6 24. Nxg6 fxg6 25. c4 Rf5 26. Qe3 Qg4 27. cxd5 Rh8 28. f4 Rh3 29. dxe6 g5 30. e7 Rh8 31. Rf2 Qh5 32. Ref1 gxf4 33. gxf4 Qe8 34. Qe4 Rg8+ 35. Rg2 Rxg2+ 36. Kxg2 Rf7 37. Qg6 Qxe7 38. Kh1 Rh7 39. Qg5 Qd7 40. Rf3 Rg7 41. e6 Qc6 42. Qxg7 Qxf3+ 43. Qg2 Qe3 44. Qg8+ Ka7 45. Qg1 Qxg1+ 46. Kxg1 b5 47. e7 Kb6 48. e8=Q a5 49. f5 Kc5 50. f6 Kb4 51. f7 a4 52. f8=Q+ c5 53. Qe4+ Ka3 54. Qxc5+ Kxa2 55. Qe2+ Kxb3 56. Qxb5+ Kc3 57. Qc4# 1-0

[Event "Sherbrooke op-C"]
[Site "Sherbrooke CAN"]
[Date "2004.05.30"]
[Round "4"]
[White "Roy, Samuel"]
[Black "Plante, Marc-Eric"]
[Result "1/2-1/2"]
[WhiteElo "1453"]
[BlackElo "1269"]
[PlyCount "95"]
[GameId "2160767911225836"]
[EventDate "2004.??.??"]
[EventType "swiss"]
[EventRounds "5"]
[EventCountry "CAN"]
[SourceTitle "EXT 2006"]
[Source "ChessBase"]
[SourceDate "2005.11.24"]
[SourceVersion "1"]
[SourceVersionDate "2005.11.24"]
[SourceQuality "1"]

1. e4 c5 2. Nf3 e6 3. d4 cxd4 4. Nxd4 Nf6 5. Nc3 Nc6 6. Nxc6 bxc6 7. e5 Nd5 8. Ne4 Qc7 9. c4 Qxe5 10. Qe2 Bb4+ 11. Nd2 Bxd2+ 12. Kxd2 Qxe2+ 13. Kxe2 Ba6 14. b3 Ke7 15. Ba3+ d6 16. Kf3 Nc7 17. Rd1 c5 18. b4 Bb7+ 19. Kg3 Na6 20. b5 Nb4 21. Bxb4 cxb4 22. Rb1 a5 23. bxa6 Bxa6 24. Rxb4 Rhc8 25. Be2 d5 26. Rc1 Bxc4 27. Bxc4 Rxc4 28. Rbxc4 dxc4 29. Rxc4 Rxa2 30. f3 f5 31. f4 Kf6 32. h4 h6 33. Kf3 Ra3+ 34. Kf2 g5 35. hxg5+ hxg5 36. g3 g4 37. Rc5 Ra2+ 38. Kf1 Ke7 39. Rb5 Rc2 40. Re5 Kd6 41. Kg1 Rc5 42. Re2 e5 43. fxe5+ Rxe5 44. Rxe5 Kxe5 45. Kf2 f4 46. gxf4+ Kxf4 47. Kg2 g3 48. Kg1 1/2-1/2

[Event "Sherbrooke op-C"]
[Site "Sherbrooke CAN"]
[Date "2004.05.30"]
[Round "4"]
[White "Rozybakiyev, Ilchin"]
[Black "Belanger, Jean Sebastien"]
[Result "1-0"]
[WhiteElo "1384"]
[BlackElo "1336"]
[PlyCount "111"]
[GameId "2160767911225837"]
[EventDate "2004.??.??"]
[EventType "swiss"]
[EventRounds "5"]
[EventCountry "CAN"]
[SourceTitle "EXT 2006"]
[Source "ChessBase"]
[SourceDate "2005.11.24"]
[SourceVersion "1"]
[SourceVersionDate "2005.11.24"]
[SourceQuality "1"]

1. e4 Nf6 2. e5 Nd5 3. c4 Nb6 4. d4 e6 5. Nf3 d6 6. exd6 cxd6 7. Nc3 Be7 8. Be2 O-O 9. O-O a5 10. b3 d5 11. c5 N6d7 12. Bf4 Nc6 13. Nb5 b6 14. Bc7 Qe8 15. cxb6 f6 16. Rc1 Bb7 17. h3 Kh8 18. Nd6 Bxd6 19. Bxd6 Rf7 20. Bc7 Qe7 21. Bb5 Ncb8 22. Re1 Nf8 23. Bxb8 Qb4 24. Bc7 Qxb5 25. Qc2 Rc8 26. Qc5 Qxc5 27. dxc5 Rfxc7 28. bxc7 Rxc7 29. a3 e5 30. b4 Bc6 31. Rb1 axb4 32. axb4 Rb7 33. Re2 Ne6 34. Reb2 Bb5 35. Rd1 d4 36. Ne1 e4 37. Rc1 Bc6 38. Ra1 Kg8 39. Ra6 Rc7 40. b5 Bd5 41. c6 Nc5 42. Ra5 d3 43. Ra8+ Kf7 44. Rd8 Ke6 45. g3 Na4 46. Rd2 Nb6 47. Ng2 g5 48. Ne3 Ke5 49. Nxd5 Nxd5 50. Rd7 Rc8 51. Rb2 Kd4 52. b6 Rxc6 53. b7 Rc2 54. b8=Q d2 55. Rxd5+ Kxd5 56. Qd8+ 1-0

[Event "Sherbrooke op-C"]
[Site "Sherbrooke CAN"]
[Date "2004.05.30"]
[Round "5"]
[White "Beauchesne, Jonathan"]
[Black "Vincent, Pascal"]
[Result "0-1"]
[WhiteElo "1083"]
[BlackElo "1254"]
[PlyCount "88"]
[GameId "2160767911225840"]
[EventDate "2004.??.??"]
[EventType "swiss"]
[EventRounds "5"]
[EventCountry "CAN"]
[SourceTitle "EXT 2006"]
[Source "ChessBase"]
[SourceDate "2005.11.24"]
[SourceVersion "1"]
[SourceVersionDate "2005.11.24"]
[SourceQuality "1"]

1. e4 c6 2. d4 d5 3. Nc3 dxe4 4. Nxe4 Bf5 5. Ng3 Nf6 6. Be2 Nbd7 7. Nxf5 Qa5+ 8. Bd2 Qxf5 9. Nf3 e5 10. Nxe5 Ne4 11. Nf3 Be7 12. O-O O-O 13. c3 Bg5 14. Nxg5 Nxg5 15. Bxg5 Qxg5 16. Qc2 Nf6 17. Rfe1 Rfe8 18. Bd3 g6 19. Re2 Nd5 20. g3 Nf4 21. Rxe8+ Rxe8 22. Bf1 Qg4 23. Qd2 Ne2+ 24. Kh1 Qf3+ 25. Bg2 Qxf2 26. Qd3 Re3 27. Rf1 Qxf1+ 28. Bxf1 Rxd3 29. Bxe2 Rd2 30. Bf1 Rxb2 31. a4 Ra2 32. c4 Rxa4 33. h4 Ra1 34. Kg2 Rxf1 35. Kxf1 f5 36. Ke2 Kf7 37. Ke3 h6 38. Kf4 Ke6 39. g4 fxg4 40. Kxg4 a5 41. Kf4 a4 42. Ke4 a3 43. d5+ cxd5+ 44. cxd5+ Kd6 0-1

[Event "Sherbrooke op-C"]
[Site "Sherbrooke CAN"]
[Date "2004.05.30"]
[Round "5"]
[White "Belanger, Gervais"]
[Black "Lafleur, Sebastien"]
[Result "1-0"]
[WhiteElo "1068"]
[BlackElo "1158"]
[PlyCount "123"]
[GameId "2160767911225841"]
[EventDate "2004.??.??"]
[EventType "swiss"]
[EventRounds "5"]
[EventCountry "CAN"]
[SourceTitle "EXT 2006"]
[Source "ChessBase"]
[SourceDate "2005.11.24"]
[SourceVersion "1"]
[SourceVersionDate "2005.11.24"]
[SourceQuality "1"]

1. e4 e6 2. d4 d5 3. e5 c5 4. c3 cxd4 5. cxd4 Bb4+ 6. Bd2 Qb6 7. Nf3 Nc6 8. Bxb4 Qxb4+ 9. Qd2 Qxd2+ 10. Nbxd2 f6 11. Bb5 Nge7 12. O-O Bd7 13. Rfe1 O-O 14. exf6 Rxf6 15. Nb3 a6 16. Bd3 Nb4 17. Bb1 Rc8 18. Nc5 Rc7 19. a3 Nbc6 20. Ng5 Ng6 21. Nxd7 Rxd7 22. Nxe6 Re7 23. Ba2 Nxd4 24. Nxd4 Rd7 25. g3 h5 26. Rad1 Rd8 27. Kg2 h4 28. h3 Kh7 29. Ne6 Rc8 30. Bxd5 Rc2 31. Rf1 Rxb2 32. Ng5+ Kh6 33. Ne4 Rf5 34. Kg1 Rf3 35. Nd6 Rxa3 36. Nc4 Rbb3 37. Nxa3 Rxa3 38. Bxb7 hxg3 39. fxg3 Rxg3+ 40. Kh2 Ra3 41. Ra1 Rd3 42. Rxa6 Rd2+ 43. Kg3 Rd3+ 44. Rf3 Rd4 45. Re3 Rd1 46. Ree6 Rg1+ 47. Bg2 Kh7 48. Rxg6 Kg8 49. Ra7 Kh7 50. Rgxg7+ Kh6 51. Rgf7 Kg6 52. Rf1 Rxf1 53. Bxf1 Kg5 54. h4+ Kh5 55. Ra5+ Kh6 56. Kg4 Kg6 57. h5+ Kh6 58. Ra6+ Kg7 59. Kg5 Kh7 60. Kf6 Kh6 61. Be2 Kh7 62. Ra8 1-0

[Event "Sherbrooke op-C"]
[Site "Sherbrooke CAN"]
[Date "2004.05.30"]
[Round "5"]
[White "Belfer, Leon"]
[Black "Allen, Marc-Antoine"]
[Result "1-0"]
[WhiteElo "1390"]
[BlackElo "1451"]
[PlyCount "65"]
[GameId "2160767911225843"]
[EventDate "2004.??.??"]
[EventType "swiss"]
[EventRounds "5"]
[EventCountry "CAN"]
[SourceTitle "EXT 2006"]
[Source "ChessBase"]
[SourceDate "2005.11.24"]
[SourceVersion "1"]
[SourceVersionDate "2005.11.24"]
[SourceQuality "1"]

1. d4 d5 2. c4 c6 3. Nc3 Nf6 4. b3 Bf5 5. e3 e6 6. Bd3 Bxd3 7. Qxd3 Be7 8. Nf3 O-O 9. O-O Nbd7 10. Re1 a6 11. e4 dxe4 12. Nxe4 b5 13. Bd2 Rb8 14. Bf4 Rc8 15. Rad1 Nxe4 16. Rxe4 Nf6 17. Re2 Qb6 18. Ng5 h6 19. Ne4 Rfd8 20. Be5 Ng4 21. Qg3 Nxe5 22. Qxe5 c5 23. d5 Bd6 24. Qh5 bxc4 25. Red2 Bf4 26. dxe6 g6 27. exf7+ Kxf7 28. Qf3 cxb3 29. Qxf4+ Kg7 30. Rd7+ Rxd7 31. Rxd7+ Kg8 32. Qf7+ Kh8 33. Qg7# 1-0

[Event "Sherbrooke op-C"]
[Site "Sherbrooke CAN"]
[Date "2004.05.30"]
[Round "5"]
[White "Breton, Jules"]
[Black "Mercier, Jonathan"]
[Result "1-0"]
[WhiteElo "1460"]
[BlackElo "1108"]
[PlyCount "85"]
[GameId "2160767911225844"]
[EventDate "2004.??.??"]
[EventType "swiss"]
[EventRounds "5"]
[EventCountry "CAN"]
[SourceTitle "EXT 2006"]
[Source "ChessBase"]
[SourceDate "2005.11.24"]
[SourceVersion "1"]
[SourceVersionDate "2005.11.24"]
[SourceQuality "1"]

1. e4 e5 2. Nf3 Nc6 3. Bc4 Nf6 4. Nc3 d6 5. d3 Be7 6. Bg5 Bd7 7. h3 Na5 8. Bb3 Nxb3 9. axb3 c5 10. O-O Bc6 11. Ne2 O-O 12. Ng3 a5 13. c3 b5 14. Re1 Qc7 15. Nf5 h6 16. Be3 Bd8 17. Qd2 c4 18. Bxh6 Nh5 19. Bg5 cxd3 20. g4 Bxe4 21. Rxe4 Qd7 22. Qxd3 Bxg5 23. Nxg5 Nf4 24. Qg3 f6 25. Nf3 d5 26. Re3 Rfe8 27. Kh1 Kf7 28. Ng1 g5 29. Qf3 b4 30. Rc1 Rac8 31. Qd1 d4 32. Re4 Qc6 33. f3 Rh8 34. Qf1 d3 35. Rc4 Qb6 36. Kh2 Rcd8 37. cxb4 axb4 38. Rc6 Qb8 39. Rc7+ Kf8 40. Ne7 e4 41. fxe4 Rh7 42. Ng6+ Nxg6 43. Qxf6+ 1-0

[Event "Sherbrooke op-C"]
[Site "Sherbrooke CAN"]
[Date "2004.05.30"]
[Round "5"]
[White "Brousseau, Stephane"]
[Black "Letourneau, Alex"]
[Result "1/2-1/2"]
[WhiteElo "1399"]
[BlackElo "1386"]
[PlyCount "127"]
[GameId "2160767911225845"]
[EventDate "2004.??.??"]
[EventType "swiss"]
[EventRounds "5"]
[EventCountry "CAN"]
[SourceTitle "EXT 2006"]
[Source "ChessBase"]
[SourceDate "2005.11.24"]
[SourceVersion "1"]
[SourceVersionDate "2005.11.24"]
[SourceQuality "1"]

1. d4 Nf6 2. c4 c5 3. e3 e6 4. Nf3 d5 5. Nc3 cxd4 6. Nxd4 Nc6 7. cxd5 exd5 8. Bb5 Bd7 9. O-O Bd6 10. Nf3 Be6 11. g3 O-O 12. Be2 Bb4 13. Bd2 d4 14. exd4 Nxd4 15. Nxd4 Qxd4 16. Be3 Qxd1 17. Rfxd1 b6 18. Nb5 Nd5 19. Bd2 Bc5 20. Bf3 a6 21. Bxd5 Bxd5 22. Nc7 Bf3 23. Nxa8 Bxd1 24. Rxd1 Rxa8 25. Bf4 f6 26. Rd7 Re8 27. Kf1 Re4 28. b3 a5 29. Rd3 Re6 30. Rd7 Bb4 31. Be3 Rc6 32. Bd2 Ba3 33. Be3 Bd6 34. Rb7 Bc7 35. Ra7 b5 36. Ra8+ Kf7 37. Ra7 Ke6 38. Ra8 b4 39. Rg8 g5 40. Re8+ Kf7 41. Rh8 Kg7 42. Rc8 Kg6 43. Ba7 Rc3 44. Re8 Be5 45. Bb6 a4 46. bxa4 Ra3 47. Bc5 Rxa4 48. Rd8 Bc3 49. Rb8 Kh5 50. h3 g4 51. Rb5 f5 52. h4 h6 53. Rb6 Rxa2 54. Bf8 Bd2 55. Bxb4 Rb2 56. Bc5 Rxb6 57. Bxb6 Kg6 58. Bd4 Bc1 59. Ke2 Kh5 60. Be3 Ba3 61. Bf4 Bc5 62. Be3 Bd6 63. Kd3 Kg6 64. Ke2 1/2-1/2

[Event "Sherbrooke op-C"]
[Site "Sherbrooke CAN"]
[Date "2004.05.30"]
[Round "5"]
[White "Dubois, Lise"]
[Black "Morin, Louis2"]
[Result "1-0"]
[WhiteElo "1130"]
[BlackElo "1915"]
[PlyCount "35"]
[GameId "2160767911225846"]
[EventDate "2004.??.??"]
[EventType "swiss"]
[EventRounds "5"]
[EventCountry "CAN"]

1. e4 e5 2. Nf3 Nc6 3. Bc4 Nf6 4. d4 exd4 5. O-O Bc5 6. Re1 O-O 7. e5 Ng4 8. Qd3 b5 9. Ng5 g6 10. Bb3 Ncxe5 11. Qh3 h6 12. Rxe5 Nxe5 13. Qxh6 Nf3+ 14. Nxf3 d5 15. Ng5 Qxg5 16. Bxg5 Re8 17. Nd2 Re2 18. Bf6 1-0

[Event "Sherbrooke op-C"]
[Site "Sherbrooke CAN"]
[Date "2004.05.30"]
[Round "5"]
[White "Plante, Marc-Eric"]
[Black "Olivier, Luc"]
[Result "1-0"]
[WhiteElo "1269"]
[BlackElo "1175"]
[PlyCount "101"]
[GameId "2160767911225848"]
[EventDate "2004.??.??"]
[EventType "swiss"]
[EventRounds "5"]
[EventCountry "CAN"]
[SourceTitle "EXT 2006"]
[Source "ChessBase"]
[SourceDate "2005.11.24"]
[SourceVersion "1"]
[SourceVersionDate "2005.11.24"]
[SourceQuality "1"]

1. f4 Nf6 2. Nf3 e6 3. e3 c5 4. b3 d5 5. Bb2 Nbd7 6. Be2 Be7 7. O-O b6 8. d3 Bb7 9. Qe1 O-O 10. Nbd2 a6 11. Qg3 g6 12. Qh3 Re8 13. Ng5 Bf8 14. g4 Bg7 15. Ngf3 Rc8 16. g5 Nh5 17. Ne5 Nxe5 18. Bxh5 Nf3+ 19. Bxf3 Bxb2 20. Rad1 Bg7 21. c4 b5 22. e4 d4 23. Qg2 Qc7 24. e5 Bxf3 25. Rxf3 Bf8 26. h4 Be7 27. h5 Qd8 28. hxg6 fxg6 29. Ne4 Rf8 30. Kf2 Rf7 31. Qh3 Qf8 32. Qxe6 Kh8 33. Rh1 Rxf4 34. Nf6 Rxf3+ 35. Kxf3 Bxf6 36. exf6 Re8 37. Qd7 Re3+ 38. Kf2 h5 39. Rh4 Kg8 40. Re4 Rxe4 41. dxe4 Qf7 42. Qc8+ Qf8 43. Qxa6 b4 44. Qe6+ Qf7 45. Qd6 Qf8 46. e5 Qa8 47. Qe6+ Kh8 48. Qe7 Qxa2+ 49. Kg3 h4+ 50. Kh3 Qxb3+ 51. Kxh4 1-0

[Event "Sherbrooke op-C"]
[Site "Sherbrooke CAN"]
[Date "2004.05.30"]
[Round "5"]
[White "Roy, Samuel"]
[Black "Rodovic, Miladin"]
[Result "1-0"]
[WhiteElo "1453"]
[BlackElo "1358"]
[PlyCount "67"]
[GameId "2160767911225849"]
[EventDate "2004.??.??"]
[EventType "swiss"]
[EventRounds "5"]
[EventCountry "CAN"]
[SourceTitle "EXT 2006"]
[Source "ChessBase"]
[SourceDate "2005.11.24"]
[SourceVersion "1"]
[SourceVersionDate "2005.11.24"]
[SourceQuality "1"]

1. e4 e6 2. d4 d5 3. Nd2 c5 4. exd5 exd5 5. dxc5 Bxc5 6. Nb3 Bd6 7. Nf3 h6 8. Be2 Nf6 9. Bd2 O-O 10. O-O Qc7 11. h3 Bf5 12. Nfd4 Bd7 13. Nb5 Bxb5 14. Bxb5 a6 15. Be2 Nc6 16. Re1 Ne4 17. Be3 Rad8 18. a4 Rd7 19. a5 Qb8 20. Bb6 Be5 21. Nd4 Bh2+ 22. Kf1 Qf4 23. Nf3 d4 24. Bd3 f5 25. Qc1 Qxc1 26. Raxc1 Bf4 27. Rcd1 Ng5 28. Bc4+ Nf7 29. Nxd4 Nxd4 30. Rxd4 Rxd4 31. Bxd4 Bd2 32. Re7 Bxa5 33. Rxb7 g5 34. b4 1-0

[Event "Sherbrooke op-C"]
[Site "Sherbrooke CAN"]
[Date "2004.05.30"]
[Round "5"]
[White "Rozybakiyev, Ilchin"]
[Black "Boissonneault, Benoit"]
[Result "1-0"]
[WhiteElo "1384"]
[BlackElo "1414"]
[PlyCount "41"]
[GameId "2160767911225850"]
[EventDate "2004.??.??"]
[EventType "swiss"]
[EventRounds "5"]
[EventCountry "CAN"]
[SourceTitle "EXT 2006"]
[Source "ChessBase"]
[SourceDate "2005.11.24"]
[SourceVersion "1"]
[SourceVersionDate "2005.11.24"]
[SourceQuality "1"]

1. e4 e5 2. Nf3 Nc6 3. d4 exd4 4. Nxd4 d6 5. Nc3 Nf6 6. Be2 Be7 7. Be3 O-O 8. O-O Ne8 9. f4 Nxd4 10. Bxd4 f5 11. Bc4+ Kh8 12. e5 c6 13. exd6 Qxd6 14. Be5 Qc5+ 15. Qd4 Qxd4+ 16. Bxd4 Bd7 17. Rae1 Bf6 18. Bc5 Bxc3 19. bxc3 Rf6 20. Re7 Bc8 21. Rxe8+ 1-0

[Event "Singher-Montmarquette I"]
[Site "Montreal CAN"]
[Date "2004.02.22"]
[Round "1"]
[White "Bolduc, Steve"]
[Black "McDonough, Jonathan"]
[Result "0-1"]
[WhiteElo "2293"]
[BlackElo "2112"]
[PlyCount "91"]
[GameId "2160767911191989"]
[EventDate "2004.02.14"]
[EventType "tourn"]
[EventRounds "9"]
[EventCountry "CAN"]

1. d4 e6 2. c4 d5 3. Nc3 Be7 4. Nf3 Nf6 5. Bg5 O-O 6. e3 h6 7. Bh4 b6 8. Rc1 Bb7 9. Be2 dxc4 10. O-O Nbd7 11. Bxc4 c5 12. Qe2 Ne4 13. Bxe7 Qxe7 14. Bd3 Nxc3 15. bxc3 e5 16. e4 Rfe8 17. d5 Nf8 18. Bb5 Red8 19. Ba6 Ng6 20. g3 Rd6 21. Bxb7 Qxb7 22. c4 Qd7 23. Nd2 Qh3 24. f3 Rf6 25. Qg2 Qd7 26. Kh1 h5 27. h4 Qa4 28. Nb3 Rc8 29. Rc2 b5 30. cxb5 Qxb5 31. Rfc1 c4 32. Nd2 c3 33. Rxc3 Rxc3 34. Rxc3 Qb2 35. Rc8+ Kh7 36. Nb3 Qb1+ 37. Rc1 Qd3 38. Rf1 a5 39. Nc1 Qa3 40. Qe2 Rb6 41. Nd3 Qc3 42. Kh2 Qc4 43. Rc1 Qd4 44. Qf2 Qxd3 45. Qxb6 Qd2+ 46. Kh3 0-1

[Event "Singher-Montmarquette I"]
[Site "Montreal CAN"]
[Date "2004.02.14"]
[Round "2"]
[White "Tremblay, Alain"]
[Black "Bolduc, Steve"]
[Result "1/2-1/2"]
[WhiteElo "2108"]
[BlackElo "2293"]
[PlyCount "91"]
[GameId "2160767911191990"]
[EventDate "2004.02.14"]
[EventType "tourn"]
[EventRounds "9"]
[EventCountry "CAN"]

1. e4 c5 2. Bc4 Nc6 3. Nc3 g6 4. d3 Bg7 5. Nge2 e6 6. Bf4 d6 7. Qd2 a6 8. a4 Nd4 9. O-O h6 10. Rfe1 Ne7 11. Nxd4 cxd4 12. Nd1 g5 13. Bg3 O-O 14. f4 gxf4 15. Bxf4 Kh7 16. Qb4 e5 17. Bg3 Rb8 18. Nf2 f5 19. Bh4 f4 20. Rac1 Bf6 21. Bxf6 Rxf6 22. a5 Bd7 23. Qb6 Qf8 24. Qc7 Bc6 25. c3 Rc8 26. Qb6 dxc3 27. Rxc3 Qg7 28. Kh1 Ng6 29. Ng4 Rff8 30. Be6 Rce8 31. Bf5 Kh8 32. Bxg6 Qxg6 33. h3 f3 34. Rc2 d5 35. exd5 Qxd3 36. Ne3 fxg2+ 37. Rxg2 Qe4 38. Qc7 Rg8 39. dxc6 bxc6 40. Qd6 Qh4 41. Rxg8+ Rxg8 42. Qxe5+ Kh7 43. Qf5+ Kh8 44. Rg1 Re8 45. Qg4 Qf6 46. Nf5 1/2-1/2